[Event "Bullet Chess Losers"]
[Site "chess.com INT"]
[Date "2023.07.19"]
[Round "2.5"]
[White "Tang, Andrew"]
[Black "Hansen, Eric"]
[Result "1-0"]
[WhiteElo "2523"]
[BlackElo "2609"]
[PlyCount "91"]
[GameId "2130307557239078"]
[EventDate "2023.07.18"]
[EventType "k.o. (blitz)"]
[EventRounds "6"]
[EventCountry "NET"]
[SourceTitle "The Week in Chess 1498"]
[Source "Mark Crowther"]
[SourceDate "2023.07.24"]
[SourceVersion "2"]
[SourceVersionDate "2023.07.25"]
[SourceQuality "2"]

1. d4 Nf6 2. c4 e6 3. Nc3 Bb4 4. Qc2 O-O 5. Nf3 d5 6. Bg5 h6 7. Bxf6 Qxf6 8. a3 Bxc3+ 9. Qxc3 c6 10. h4 Nd7 11. g4 Qf4 12. g5 e5 13. gxh6 exd4 14. Nxd4 Qxh6 15. Rg1 Nf6 16. e3 Ne4 17. Qc2 Re8 18. Bd3 Qxh4 19. Bxe4 Qxe4 20. Qc3 Qe5 21. O-O-O c5 22. Nb5 Qxc3+ 23. bxc3 dxc4 24. Nc7 Be6 25. Nxa8 Rxa8 26. e4 Kf8 27. f4 g6 28. Rg5 Ke7 29. Rxc5 b6 30. Rc7+ Kf6 31. Rd6 Rh8 32. Rxa7 Rh4 33. f5 gxf5 34. exf5 Kxf5 35. Rxb6 Rh3 36. Kd2 Rd3+ 37. Kc2 Rf3 38. a4 Ke4 39. a5 Rf2+ 40. Kb1 Kd3 41. a6 Kxc3 42. Rab7 Rf1+ 43. Ka2 Kd3 44. a7 Bd5 45. Rd7 c3+ 46. Rxd5+ 1-0

[Event "Bullet Chess Losers"]
[Site "chess.com INT"]
[Date "2023.07.19"]
[Round "2.6"]
[White "Hansen, Eric"]
[Black "Tang, Andrew"]
[Result "0-1"]
[WhiteElo "2609"]
[BlackElo "2523"]
[PlyCount "98"]
[GameId "2130307557239079"]
[EventDate "2023.07.18"]
[EventType "k.o. (blitz)"]
[EventRounds "6"]
[EventCountry "NET"]
[SourceTitle "The Week in Chess 1498"]
[Source "Mark Crowther"]
[SourceDate "2023.07.24"]
[SourceVersion "2"]
[SourceVersionDate "2023.07.25"]
[SourceQuality "2"]

1. e4 e6 2. d4 d5 3. Nd2 dxe4 4. Nxe4 Nd7 5. Nf3 Ngf6 6. Bd3 c5 7. O-O cxd4 8. Nxd4 Be7 9. Nf3 O-O 10. Re1 b6 11. Nxf6+ Nxf6 12. Qe2 Bb7 13. Bd2 Qc7 14. Rad1 Rfd8 15. Ne5 Rac8 16. Bc1 Bd6 17. h3 h6 18. a3 Qe7 19. Qe3 Nd5 20. Qe2 Qh4 21. Qf3 Rc7 22. Qg4 Qf6 23. Nf3 Nf4 24. Bxf4 Bxf4 25. Bh7+ Kxh7 26. Rxd8 Qxd8 27. Qxf4 Kg8 28. c3 Rc5 29. Nd4 Rg5 30. f3 Qd5 31. h4 Rg6 32. Qe5 Qd7 33. Kf2 Bd5 34. Rd1 f6 35. Qe3 e5 36. Ne2 Qe6 37. Qd3 Bb3 38. Rd2 f5 39. Qd8+ Kh7 40. h5 Rg5 41. Rd6 Qf7 42. Ng3 e4 43. Rd7 Qc4 44. Qe7 exf3 45. gxf3 Qh4 46. Qe5 Qh2+ 47. Ke3 Qxg3 48. Qxg3 Rxg3 49. Kf4 Rg5 0-1

[Event "Bullet Chess Losers"]
[Site "chess.com INT"]
[Date "2023.07.19"]
[Round "2.7"]
[White "Tang, Andrew"]
[Black "Hansen, Eric"]
[Result "1-0"]
[WhiteElo "2523"]
[BlackElo "2609"]
[PlyCount "59"]
[GameId "2130307557239084"]
[EventDate "2023.07.18"]
[EventType "k.o. (blitz)"]
[EventRounds "6"]
[EventCountry "NET"]
[SourceTitle "The Week in Chess 1498"]
[Source "Mark Crowther"]
[SourceDate "2023.07.24"]
[SourceVersion "2"]
[SourceVersionDate "2023.07.25"]
[SourceQuality "2"]

1. d4 Nf6 2. g4 d5 3. g5 Nfd7 4. c4 dxc4 5. Nc3 e5 6. Nf3 exd4 7. Qxd4 Nc6 8. Qxc4 Bd6 9. h4 O-O 10. h5 Nde5 11. Nxe5 Nxe5 12. Qb3 Re8 13. Be3 Be6 14. Qc2 Ng4 15. Bd2 Bc5 16. Ne4 Bf5 17. Qxc5 Bxe4 18. Rh4 Qd7 19. Bc3 Rad8 20. h6 Qf5 21. Qxf5 Bxf5 22. hxg7 c5 23. e3 Ne5 24. Be2 b6 25. e4 Bc8 26. f3 Nc6 27. Bf6 Rd6 28. Kf2 Rd2 29. Rxh7 Rxe2+ 30. Kxe2 1-0

[Event "Bullet Chess Losers"]
[Site "chess.com INT"]
[Date "2023.07.19"]
[Round "2.8"]
[White "Hansen, Eric"]
[Black "Tang, Andrew"]
[Result "0-1"]
[WhiteElo "2609"]
[BlackElo "2523"]
[PlyCount "118"]
[GameId "2130307557239085"]
[EventDate "2023.07.18"]
[EventType "k.o. (blitz)"]
[EventRounds "6"]
[EventCountry "NET"]
[SourceTitle "The Week in Chess 1498"]
[Source "Mark Crowther"]
[SourceDate "2023.07.24"]
[SourceVersion "2"]
[SourceVersionDate "2023.07.25"]
[SourceQuality "2"]

1. e4 e6 2. d4 d5 3. Nd2 dxe4 4. Nxe4 Nd7 5. Nf3 Ngf6 6. Nxf6+ Nxf6 7. c3 c5 8. Bc4 Be7 9. Qe2 O-O 10. O-O Qc7 11. Rd1 b6 12. Bg5 Bb7 13. dxc5 Qxc5 14. Bh4 Rad8 15. Ne5 Bd5 16. Bd3 h6 17. Re1 Bb7 18. Rad1 Rd5 19. c4 Rd4 20. Bg3 Rdd8 21. a3 a5 22. h3 a4 23. Bc2 Qa5 24. Rxd8 Bxd8 25. Rd1 Be7 26. Nd7 Rd8 27. Nxf6+ Bxf6 28. Rxd8+ Bxd8 29. Qd3 Bf6 30. Qh7+ Kf8 31. Bd6+ Ke8 32. Qg8+ Kd7 33. Bb4 Qg5 34. Qxf7+ Kc8 35. Qe8+ Kc7 36. Qf7+ Kb8 37. Bd6+ Ka8 38. Qe8+ Bd8 39. Qxa4+ Qa5 40. Qxa5+ bxa5 41. b4 axb4 42. axb4 Bc6 43. f3 Bb6+ 44. Kf1 Bd4 45. Be4 Kb7 46. b5 Bxe4 47. fxe4 Kb6 48. Ke2 Ka5 49. Kd3 Bf6 50. c5 Kxb5 51. e5 Bd8 52. Ke4 Kc6 53. h4 g6 54. h5 gxh5 55. Kf3 h4 56. Kf4 h5 57. Kf3 Bg5 58. Kf2 h3 59. Kg1 h2+ 0-1

[Event "Bullet Chess Losers"]
[Site "chess.com INT"]
[Date "2023.07.19"]
[Round "2.9"]
[White "Tang, Andrew"]
[Black "Hansen, Eric"]
[Result "1-0"]
[WhiteElo "2523"]
[BlackElo "2609"]
[PlyCount "69"]
[GameId "2130307557239090"]
[EventDate "2023.07.18"]
[EventType "k.o. (blitz)"]
[EventRounds "6"]
[EventCountry "NET"]
[SourceTitle "The Week in Chess 1498"]
[Source "Mark Crowther"]
[SourceDate "2023.07.24"]
[SourceVersion "2"]
[SourceVersionDate "2023.07.25"]
[SourceQuality "2"]

1. d4 Nf6 2. c4 e6 3. Nc3 Bb4 4. Qc2 O-O 5. Nf3 c5 6. dxc5 Bxc5 7. g3 b6 8. Bg2 Bb7 9. O-O Na6 10. Rd1 Rc8 11. a3 Be7 12. Ne5 Bxg2 13. Kxg2 Qc7 14. Bf4 d6 15. Nf3 Qxc4 16. Bxd6 Bxd6 17. Rxd6 Nc5 18. Rad1 h6 19. R6d4 Qa6 20. Kg1 Qb7 21. Ne5 Rc7 22. b4 Ncd7 23. Nxd7 Nxd7 24. Qb3 Nf6 25. Nb5 Rd7 26. Nd6 Qb8 27. e4 Rfd8 28. e5 Nd5 29. Qf3 Rc7 30. Rg4 Rdd7 31. Rxd5 exd5 32. Qf6 Qf8 33. Nf5 g6 34. e6 Kh7 35. Rxg6 1-0

[Event "Bullet Chess Losers"]
[Site "chess.com INT"]
[Date "2023.07.19"]
[Round "2.10"]
[White "Hansen, Eric"]
[Black "Tang, Andrew"]
[Result "0-1"]
[WhiteElo "2609"]
[BlackElo "2523"]
[PlyCount "120"]
[GameId "2130307557239091"]
[EventDate "2023.07.18"]
[EventType "k.o. (blitz)"]
[EventRounds "6"]
[EventCountry "NET"]
[SourceTitle "The Week in Chess 1498"]
[Source "Mark Crowther"]
[SourceDate "2023.07.24"]
[SourceVersion "2"]
[SourceVersionDate "2023.07.25"]
[SourceQuality "2"]

1. Nf3 d5 2. d4 e6 3. c4 Nf6 4. e3 b6 5. Nc3 Bb7 6. cxd5 exd5 7. Bb5+ Nbd7 8. Bd3 Bd6 9. O-O O-O 10. h3 Ne4 11. Qc2 f5 12. Bd2 a6 13. Rac1 Qf6 14. Ne2 Qh6 15. a3 Rae8 16. Bb4 c5 17. dxc5 bxc5 18. Bd2 g5 19. b4 g4 20. Bxe4 fxe4 21. Nh2 gxh3 22. g3 Qh5 23. Nf4 Bxf4 24. exf4 d4 25. bxc5 Bd5 26. c6 Nf6 27. Qa4 e3 28. Qxd4 exd2 29. Qxd2 Qf5 30. c7 Bb7 31. Rfe1 Qd5 32. Qxd5+ Nxd5 33. Re5 Rxe5 34. fxe5 Rc8 35. Ng4 Rxc7 36. Rd1 Kf7 37. Kh2 Ke6 38. Kxh3 h5 39. Nh2 Kxe5 40. Kh4 Nf6 41. Re1+ Kf5 42. f3 Rc4+ 43. Kh3 Rc2 44. Rb1 Bd5 45. Re1 Rc6 46. g4+ Kg6 47. Kg3 hxg4 48. fxg4 Rc3+ 49. Kf4 Rxa3 50. g5 Ra4+ 51. Ke5 Kxg5 52. Rg1+ Kh6 53. Kxf6 Rh4 54. Ng4+ Kh5 55. Kf5 Be6+ 56. Kf6 Rxg4 57. Rh1+ Rh4 58. Rg1 Bg4 59. Rf1 Rh3 60. Rg1 Rf3+ 0-1

[Event "Bullet Chess Losers"]
[Site "chess.com INT"]
[Date "2023.07.19"]
[Round "2.11"]
[White "Tang, Andrew"]
[Black "Hansen, Eric"]
[Result "1-0"]
[WhiteElo "2523"]
[BlackElo "2609"]
[PlyCount "75"]
[GameId "2130307557239096"]
[EventDate "2023.07.18"]
[EventType "k.o. (blitz)"]
[EventRounds "6"]
[EventCountry "NET"]
[SourceTitle "The Week in Chess 1498"]
[Source "Mark Crowther"]
[SourceDate "2023.07.24"]
[SourceVersion "2"]
[SourceVersionDate "2023.07.25"]
[SourceQuality "2"]

1. d4 Nf6 2. Nf3 e6 3. Bf4 d5 4. e3 Bd6 5. Nbd2 c5 6. c3 Qc7 7. Bxd6 Qxd6 8. Ne5 Nc6 9. f4 Qc7 10. Bd3 b6 11. O-O Bb7 12. Qe2 O-O 13. Rf3 Ne7 14. Rh3 g6 15. Qf2 h5 16. Qh4 Kg7 17. Ndf3 Rh8 18. Ng5 Raf8 19. Nexf7 Bc8 20. Ne5 Nf5 21. Bxf5 exf5 22. Rg3 Ng4 23. h3 Nxe5 24. fxe5 b5 25. Nf3 b4 26. Qg5 Rh6 27. Nh4 Qc6 28. Rf1 bxc3 29. bxc3 Kh7 30. Qf4 Ba6 31. Rb1 Qc7 32. Nf3 Re8 33. Ng5+ Kg8 34. Qxf5 Bc8 35. Qf6 Rf8 36. Qd6 Qxd6 37. exd6 Rd8 38. dxc5 1-0

[Event "Bullet Chess Losers"]
[Site "chess.com INT"]
[Date "2023.07.19"]
[Round "2.12"]
[White "Hansen, Eric"]
[Black "Tang, Andrew"]
[Result "0-1"]
[WhiteElo "2609"]
[BlackElo "2523"]
[PlyCount "124"]
[GameId "2130307557239097"]
[EventDate "2023.07.18"]
[EventType "k.o. (blitz)"]
[EventRounds "6"]
[EventCountry "NET"]
[SourceTitle "The Week in Chess 1498"]
[Source "Mark Crowther"]
[SourceDate "2023.07.24"]
[SourceVersion "2"]
[SourceVersionDate "2023.07.25"]
[SourceQuality "2"]

1. Nf3 d5 2. d3 Nf6 3. g3 e6 4. Bg2 Be7 5. O-O O-O 6. c4 c5 7. cxd5 Nxd5 8. Nc3 Nc6 9. Bd2 b6 10. Rc1 Bb7 11. a3 Rc8 12. Ne4 h6 13. Re1 Qd7 14. Qa4 Rfd8 15. Red1 a6 16. Qb3 Qc7 17. e3 Na5 18. Bxa5 bxa5 19. d4 c4 20. Qc2 Qb6 21. Ne5 c3 22. bxc3 Bxa3 23. Rb1 Qc7 24. Qb3 Nxc3 25. Qxb7 Nxd1 26. Qxc7 Rxc7 27. Rxd1 a4 28. Bf1 Bb2 29. Nc4 a3 30. Ncd2 a2 31. Nb3 Rb8 32. Ned2 a5 33. Kg2 a4 34. Nc5 a3 35. Nc4 a1=Q 36. Rxa1 Bxa1 37. Nxa3 Rb2 38. Nc4 Rc2 39. Bd3 Rc1 40. Nb3 Rd1 41. Bc2 Re1 42. Bd3 Bc3 43. Nc5 Bb4 44. Ne4 Be7 45. Kf3 Rd1 46. Ke2 Ra1 47. h4 Ra2+ 48. Kf3 f5 49. Ned2 Kf7 50. Ne5+ Kf6 51. Ndc4 g5 52. hxg5+ hxg5 53. g4 Bb4 54. gxf5 exf5 55. e4 Be1 56. exf5 Rxf2+ 57. Kg4 Rf4+ 58. Kh3 Rh7+ 59. Kg2 Rf2+ 60. Kg1 Rf4 61. Nd6 Rxd4 62. Ne4+ Kxe5 0-1

[Event "Bullet Chess Losers"]
[Site "chess.com INT"]
[Date "2023.07.19"]
[Round "2.13"]
[White "Tang, Andrew"]
[Black "Hansen, Eric"]
[Result "1-0"]
[WhiteElo "2523"]
[BlackElo "2609"]
[PlyCount "113"]
[GameId "2130307557239102"]
[EventDate "2023.07.18"]
[EventType "k.o. (blitz)"]
[EventRounds "6"]
[EventCountry "NET"]
[SourceTitle "The Week in Chess 1498"]
[Source "Mark Crowther"]
[SourceDate "2023.07.24"]
[SourceVersion "2"]
[SourceVersionDate "2023.07.25"]
[SourceQuality "2"]

1. d4 Nf6 2. c4 e6 3. Nc3 d5 4. cxd5 exd5 5. Bg5 c6 6. e3 Be7 7. Bd3 Nbd7 8. Qc2 h6 9. Bh4 Nf8 10. Nge2 Ne6 11. O-O O-O 12. f3 Re8 13. Rad1 a6 14. Bf2 c5 15. dxc5 Nxc5 16. Bf5 Be6 17. Nf4 Qb6 18. Nfxd5 Nxd5 19. Nxd5 Bxd5 20. Rxd5 Rad8 21. Rfd1 Rxd5 22. Rxd5 Qc6 23. e4 a5 24. Bxc5 b6 25. Bd7 Bxc5+ 26. Kf1 Qa8 27. Bxe8 Qxe8 28. Qd3 Qe6 29. g4 g6 30. Kg2 Qf6 31. Qd2 Kh7 32. a3 a4 33. f4 Qe6 34. Qe2 Qf6 35. Kg3 Qc6 36. h3 Bf8 37. Rd3 Bg7 38. e5 b5 39. Re3 Qc5 40. h4 g5 41. hxg5 hxg5 42. fxg5 Kg8 43. g6 fxg6 44. e6 Qd6+ 45. Kg2 Qc6+ 46. Qf3 Qe8 47. e7 Bh6 48. Qd5+ Kh7 49. Re2 Kg7 50. Qe6 Bg5 51. Rf2 Bxe7 52. Qe5+ Kg8 53. Qd5+ Kg7 54. Re2 Qf8 55. Qe5+ Bf6 56. Qc7+ Qf7 57. Qxf7+ 1-0

[Event "Bullet Chess Losers"]
[Site "chess.com INT"]
[Date "2023.07.19"]
[Round "2.14"]
[White "Hansen, Eric"]
[Black "Tang, Andrew"]
[Result "0-1"]
[WhiteElo "2609"]
[BlackElo "2523"]
[PlyCount "86"]
[GameId "2130307557239103"]
[EventDate "2023.07.18"]
[EventType "k.o. (blitz)"]
[EventRounds "6"]
[EventCountry "NET"]
[SourceTitle "The Week in Chess 1498"]
[Source "Mark Crowther"]
[SourceDate "2023.07.24"]
[SourceVersion "2"]
[SourceVersionDate "2023.07.25"]
[SourceQuality "2"]

1. Nf3 d5 2. d4 e6 3. c4 Nf6 4. Nc3 Be7 5. cxd5 exd5 6. Bf4 c6 7. e3 Bf5 8. h3 Nbd7 9. Bd3 Bxd3 10. Qxd3 O-O 11. O-O Re8 12. Rab1 a5 13. a3 Bf8 14. b4 axb4 15. axb4 b5 16. Rfc1 Nb6 17. Ne5 Re6 18. Qc2 Nc4 19. Nd3 Nd7 20. Qd1 Qh4 21. Ne2 Rae8 22. Rb3 Nf6 23. Ne5 Ne4 24. Bg3 Nxg3 25. Nxg3 Qf6 26. Nf3 g6 27. Ra1 Bd6 28. Nf1 h5 29. Ra6 Bb8 30. Rb1 g5 31. N3h2 Qg6 32. Rba1 Kg7 33. Ra8 Rf6 34. R1a2 Nd6 35. Rc2 Ne4 36. Ra6 Rh8 37. Qc1 Rh6 38. Nf3 g4 39. Ne5 Bxe5 40. dxe5 Re6 41. h4 Qf5 42. Rcxc6 Rxc6 43. Rxc6 Qxf2+ 0-1

[Event "Bullet Chess Losers"]
[Site "chess.com INT"]
[Date "2023.07.19"]
[Round "2.16"]
[White "Hansen, Eric"]
[Black "Tang, Andrew"]
[Result "1-0"]
[WhiteElo "2609"]
[BlackElo "2523"]
[PlyCount "63"]
[GameId "2130307557239109"]
[EventDate "2023.07.18"]
[EventType "k.o. (blitz)"]
[EventRounds "6"]
[EventCountry "NET"]
[SourceTitle "The Week in Chess 1498"]
[Source "Mark Crowther"]
[SourceDate "2023.07.24"]
[SourceVersion "2"]
[SourceVersionDate "2023.07.25"]
[SourceQuality "2"]

1. Nf3 d5 2. d4 e6 3. c4 Nf6 4. e3 Be7 5. Nc3 O-O 6. Bd3 c5 7. cxd5 Nxd5 8. O-O Nc6 9. e4 Nxc3 10. bxc3 cxd4 11. cxd4 Nxd4 12. Bb2 Nc6 13. e5 Qa5 14. Qe2 Rd8 15. Rfd1 Nb4 16. Be4 Bd7 17. a3 Nd5 18. Nd4 Nf4 19. Qf3 Ng6 20. Bxb7 Nxe5 21. Qg3 Rab8 22. Nb3 Qb5 23. Bxe5 Bf8 24. Bxb8 Qxb7 25. Be5 Rc8 26. Nd4 Ba4 27. Rdc1 Rd8 28. Nf3 Qe4 29. h4 h6 30. Re1 Qf5 31. Bc3 Qd3 32. Bb4 1-0

[Event "Bullet Chess Losers"]
[Site "chess.com INT"]
[Date "2023.07.19"]
[Round "2.17"]
[White "Tang, Andrew"]
[Black "Hansen, Eric"]
[Result "1-0"]
[WhiteElo "2523"]
[BlackElo "2609"]
[PlyCount "73"]
[GameId "2130307557239112"]
[EventDate "2023.07.18"]
[EventType "k.o. (blitz)"]
[EventRounds "6"]
[EventCountry "NET"]
[SourceTitle "The Week in Chess 1498"]
[Source "Mark Crowther"]
[SourceDate "2023.07.24"]
[SourceVersion "2"]
[SourceVersionDate "2023.07.25"]
[SourceQuality "2"]

1. d4 Nf6 2. c4 e6 3. Nc3 d5 4. cxd5 exd5 5. Bg5 c6 6. e3 Be6 7. Bd3 Bd6 8. Qc2 Nbd7 9. Nge2 h6 10. Bf4 Qb8 11. O-O O-O 12. Rad1 Re8 13. f3 Nf8 14. Rfe1 a5 15. a3 Bxf4 16. Nxf4 Qd6 17. h3 Rad8 18. Qf2 Bc8 19. Nfe2 b6 20. e4 Qc7 21. e5 N6d7 22. f4 b5 23. f5 b4 24. axb4 axb4 25. Na4 c5 26. f6 c4 27. fxg7 Ne6 28. Bb1 Qa7 29. Qf5 Ng5 30. Nf4 Nxe5 31. Qc2 b3 32. Qf2 Ng6 33. Nc5 Rxe1+ 34. Rxe1 Nxf4 35. Qxf4 Be6 36. h4 Ne4 37. Qxh6 1-0

[Event "Titled Tuesday 2023.06.27 Late"]
[Site "chess.com INT"]
[Date "2023.06.27"]
[Round "4"]
[White "Mizzi, Jack"]
[Black "Hansen, Eric"]
[Result "0-1"]
[WhiteElo "1986"]
[BlackElo "2609"]
[PlyCount "86"]
[GameId "2130307558777790"]
[EventDate "2023.06.27"]
[EventType "swiss (blitz)"]
[EventRounds "11"]
[EventCountry "NET"]
[SourceTitle "The Week in Chess 1495"]
[Source "Mark Crowther"]
[SourceDate "2023.07.03"]
[SourceVersion "1"]
[SourceVersionDate "2023.07.03"]
[SourceQuality "2"]

1. d4 Nf6 2. c4 e6 3. g3 Bb4+ 4. Nd2 O-O 5. Bg2 d5 6. Qc2 Nc6 7. Ngf3 dxc4 8. Qxc4 Qd5 9. Qxd5 exd5 10. O-O Re8 11. e3 a5 12. a3 Bd6 13. b3 Bf5 14. Bb2 h6 15. Rac1 Ra6 16. h3 Nd8 17. Ne5 c6 18. Rfd1 Ne6 19. g4 Bh7 20. f4 h5 21. g5 Bxe5 22. dxe5 Nd7 23. h4 Ndc5 24. Bf1 Rb6 25. Rc3 Na4 26. bxa4 Rxb2 27. Rb3 Rxb3 28. Nxb3 Bc2 29. Be2 Bxb3 30. Rb1 Nc5 31. Bxh5 g6 32. Bg4 Bxa4 33. h5 gxh5 34. Bxh5 Kg7 35. Kg2 Bc2 36. Rc1 Nd3 37. Ra1 b5 38. Bg4 b4 39. Bd7 Re7 40. Bxc6 b3 41. Bxd5 b2 42. Rh1 Nc1 43. f5 Bxf5 0-1

[Event "Titled Tuesday 2023.05.30 Late"]
[Site "chess.com INT"]
[Date "2023.05.30"]
[Round "2"]
[White "Hansen, Eric"]
[Black "Papp, Petra"]
[Result "1-0"]
[WhiteElo "2609"]
[BlackElo "2335"]
[PlyCount "57"]
[GameId "2130307559631676"]
[EventDate "2023.05.30"]
[EventType "swiss (blitz)"]
[EventRounds "11"]
[EventCountry "NET"]
[SourceTitle "The Week in Chess 1491"]
[Source "Mark Crowther"]
[SourceDate "2023.06.05"]
[SourceVersion "1"]
[SourceVersionDate "2023.06.05"]
[SourceQuality "2"]

1. e4 c6 2. Nf3 d5 3. d3 Qc7 4. Be2 e5 5. O-O Nf6 6. Re1 Bd6 7. Nc3 O-O 8. Bg5 Nbd7 9. exd5 Nxd5 10. Ne4 f6 11. Nxd6 Qxd6 12. Bd2 b6 13. Bf1 c5 14. a3 Bb7 15. c3 Rfe8 16. b4 Nf8 17. bxc5 Qxc5 18. d4 exd4 19. cxd4 Qd6 20. Qa4 Bc6 21. Qb3 Ng6 22. a4 h6 23. a5 Kh7 24. Bd3 Rxe1+ 25. Rxe1 Ndf4 26. Bxf4 Qxf4 27. Qc2 Be8 28. Rxe8 Rxe8 29. Bxg6+ 1-0

[Event "NOR-Tch Club"]
[Site "Bergen NOR"]
[Date "2023.05.20"]
[Round "4.2"]
[White "Hansen, Eric"]
[Black "Abdrlauf, Elham"]
[Result "1/2-1/2"]
[WhiteElo "2609"]
[BlackElo "2518"]
[PlyCount "71"]
[GameId "2130307560158880"]
[EventDate "2023.05.18"]
[EventType "team"]
[EventRounds "6"]
[EventCountry "NOR"]
[SourceTitle "10 Days #724"]
[Source "ChessMix"]
[SourceDate "2023.06.01"]
[SourceVersion "1"]
[SourceVersionDate "2023.06.01"]
[SourceQuality "1"]
[WhiteTeam "Offerspill 1"]
[BlackTeam "Oslo Schakselskap 1"]

1. e4 c5 2. Nf3 Nc6 3. Bb5 g6 4. O-O Bg7 5. Bxc6 bxc6 6. Re1 Qc7 7. c3 d6 8. h3 Nf6 9. d4 cxd4 10. cxd4 O-O 11. Nc3 c5 12. Bg5 cxd4 13. Bxf6 dxc3 14. Bxg7 Kxg7 15. Rc1 Qb6 16. b3 Bb7 17. Rxc3 Rfc8 18. Qa1 f6 19. Rce3 e5 20. Rd1 Ba6 21. Qb2 Rc6 22. Qa3 Rac8 23. Rd2 R8c7 24. Re1 Bb7 25. Red1 Rc2 26. Qxd6 Qxd6 27. Rxd6 Bxe4 28. Rd7+ Kh6 29. Rxc7 Rxc7 30. Rd6 Kg7 31. Nd2 Bc6 32. Nc4 Kf7 33. Na5 Bd7 34. Nc4 Ke7 35. Rd5 Be6 36. Ra5 1/2-1/2

[Event "NOR-Tch Club"]
[Site "Bergen NOR"]
[Date "2023.05.21"]
[Round "6.2"]
[White "Hansen, Eric"]
[Black "Stokke, Kjetil"]
[Result "1-0"]
[WhiteElo "2609"]
[BlackElo "2309"]
[PlyCount "97"]
[GameId "2130307560158898"]
[EventDate "2023.05.18"]
[EventType "team"]
[EventRounds "6"]
[EventCountry "NOR"]
[SourceTitle "10 Days #724"]
[Source "ChessMix"]
[SourceDate "2023.06.01"]
[SourceVersion "1"]
[SourceVersionDate "2023.06.01"]
[SourceQuality "1"]
[WhiteTeam "Offerspill 1"]
[BlackTeam "Bergens 1"]

1. e4 c5 2. Nf3 Nc6 3. Bb5 g6 4. O-O Bg7 5. Re1 e5 6. Bxc6 dxc6 7. d3 Qe7 8. a3 Nf6 9. b4 O-O 10. Nbd2 Rd8 11. h3 Nh5 12. bxc5 Qxc5 13. a4 Nf4 14. Nc4 Qe7 15. Rb1 b6 16. Bxf4 exf4 17. e5 f6 18. Qd2 fxe5 19. Ncxe5 Qf6 20. Rb4 Rf8 21. Rbe4 c5 22. Qe2 Qd6 23. d4 Bb7 24. dxc5 Qxc5 25. Nd7 Qd5 26. Re7 Rf7 27. c4 Rxe7 28. Qxe7 Qf7 29. Qd6 Re8 30. Rxe8+ Qxe8 31. Nfe5 Bxe5 32. Nxe5 Bc8 33. Qc7 Bf5 34. Kh2 h5 35. Nf3 Qxa4 36. Qd8+ Kg7 37. Qe7+ Kg8 38. Ne5 Qa1 39. Qe8+ Kg7 40. Qe7+ Kg8 41. h4 Qd4 42. Qf7+ Kh8 43. Qc7 Qxf2 44. Qd8+ Kg7 45. Qe7+ Kg8 46. Qf7+ Kh8 47. Qf8+ Kh7 48. Nf3 Qg3+ 49. Kg1 1-0

[Event "Armageddon Americas Lose"]
[Site "Berlin GER"]
[Date "2023.03.08"]
[Round "1.1"]
[White "Shankland, S."]
[Black "Hansen, Eric"]
[Result "1-0"]
[WhiteElo "2710"]
[BlackElo "2609"]
[PlyCount "115"]
[GameId "2130307562670016"]
[EventDate "2023.03.08"]
[EventType "k.o. (blitz)"]
[EventRounds "4"]
[EventCountry "GER"]
[SourceTitle "The Week in Chess 1479"]
[Source "Mark Crowther"]
[SourceDate "2023.03.13"]
[SourceVersion "1"]
[SourceVersionDate "2023.03.13"]
[SourceQuality "2"]

1. d4 Nf6 2. c4 e6 3. Nf3 b6 4. g3 Ba6 5. b3 b5 6. cxb5 Bxb5 7. Bg2 d5 8. O-O Nbd7 9. Nc3 Ba6 10. Bb2 Be7 11. Re1 O-O 12. e4 c6 13. Rc1 Bb4 14. e5 Ne8 15. a3 Be7 16. b4 Nb6 17. Nd2 Nc4 18. Nxc4 Bxc4 19. Na4 a5 20. Bc3 axb4 21. axb4 Rb8 22. Nc5 Nc7 23. Qd2 Nb5 24. Bb2 Qc8 25. Ra1 Ra8 26. Rxa8 Qxa8 27. Ra1 Qc8 28. f4 Bd8 29. h4 Nc7 30. Kh2 Na6 31. h5 Nxc5 32. dxc5 h6 33. Bd4 Qb7 34. Bf3 Bc7 35. Ra3 Ra8 36. Qc3 Rxa3 37. Qxa3 Qa6 38. Qxa6 Bxa6 39. g4 Bd3 40. Kg3 Bd8 41. Kf2 Kf8 42. Ke3 Bc4 43. Be2 Bb5 44. Bxb5 cxb5 45. Kf3 Ke8 46. f5 Bh4 47. Bc3 Bg5 48. Ke2 Kd7 49. Kd3 Kc6 50. f6 gxf6 51. exf6 Bh4 52. Bd2 Bxf6 53. Bxh6 e5 54. g5 e4+ 55. Kc2 Be5 56. g6 fxg6 57. hxg6 d4 58. g7 1-0

[Event "Armageddon Americas Lose"]
[Site "Berlin GER"]
[Date "2023.03.08"]
[Round "1.2"]
[White "Hansen, Eric"]
[Black "Shankland, S."]
[Result "0-1"]
[WhiteElo "2609"]
[BlackElo "2710"]
[PlyCount "74"]
[GameId "2130307562670017"]
[EventDate "2023.03.08"]
[EventType "k.o. (blitz)"]
[EventRounds "4"]
[EventCountry "GER"]
[SourceTitle "The Week in Chess 1479"]
[Source "Mark Crowther"]
[SourceDate "2023.03.13"]
[SourceVersion "1"]
[SourceVersionDate "2023.03.13"]
[SourceQuality "2"]

1. e4 c5 2. Nf3 d6 3. d4 cxd4 4. Nxd4 Nf6 5. Nc3 Nc6 6. Bg5 e6 7. Qd2 a6 8. O-O-O Bd7 9. f3 Nxd4 10. Qxd4 Be7 11. h4 b5 12. Kb1 Qc7 13. g4 O-O 14. Be3 b4 15. Ne2 Rfc8 16. Qd2 a5 17. g5 Nh5 18. Bh3 a4 19. Bg4 g6 20. Bxh5 gxh5 21. Rc1 Qb7 22. Nf4 b3 23. cxb3 axb3 24. a3 Rc2 25. Qd3 Rac8 26. Nxh5 Qb5 27. Rcd1 e5 28. Nf6+ Bxf6 29. gxf6 Kh8 30. Rhg1 h5 31. Qxd6 Qe2 32. Bd2 Be6 33. Qb4 Qxf3 34. Bc3 Qe2 35. Rde1 Qd3 36. Ka1 R2xc3 37. bxc3 Qc2 0-1

[Event "PRO League Prelim"]
[Site "chess.com INT"]
[Date "2023.03.02"]
[Round "3.1"]
[White "Hansen, Eric"]
[Black "Bortnyk, Olexandr"]
[Result "0-1"]
[WhiteElo "2609"]
[BlackElo "2605"]
[PlyCount "66"]
[GameId "2130307563554818"]
[EventDate "2023.02.14"]
[EventType "team (rapid)"]
[EventRounds "5"]
[EventCountry "NET"]
[SourceTitle "The Week in Chess 1478"]
[Source "Mark Crowther"]
[SourceDate "2023.03.06"]
[SourceVersion "1"]
[SourceVersionDate "2023.03.06"]
[SourceQuality "2"]
[WhiteTeam "Canada ChessBrahs"]
[BlackTeam "Garden State Passers"]

1. e4 Nf6 2. e5 Nd5 3. d4 d6 4. Nf3 dxe5 5. Nxe5 c6 6. Be2 Bf5 7. O-O Nd7 8. Nf3 e6 9. c4 N5f6 10. Nc3 Bd6 11. Nh4 Bg6 12. g3 O-O 13. Re1 e5 14. Nxg6 hxg6 15. dxe5 Bxe5 16. Qc2 Nc5 17. Be3 Ne6 18. Rad1 Qa5 19. Bf1 Rad8 20. Rd2 Ng4 21. Rxd8 Rxd8 22. Bc1 Bd4 23. Re2 Qh5 24. h3 Ne5 25. Bg2 Nxc4 26. Ne4 Ne5 27. b3 Nd3 28. Rd2 Ne1 29. Qc4 Nf3+ 30. Bxf3 Qxf3 31. Qe2 Qf5 32. Qg4 Qxg4 33. hxg4 f5 0-1